[Event "DEN-ch"]
[Site "Silkeborg"]
[Date "2009.04.04"]
[Round "1"]
[White "Carstensen, Jacob"]
[Black "Seegert, Kristian"]
[Result "1-0"]
[WhiteElo "2331"]
[BlackElo "2098"]
[PlyCount "53"]
[EventDate "2009.04.04"]
[EventType "swiss"]
[EventRounds "9"]
[EventCountry "DEN"]
[Source "ChessBase"]
[SourceDate "2009.05.05"]

1. d4 Nf6 2. c4 c5 3. d5 b5 4. cxb5 e6 5. dxe6 fxe6 6. Bg5 a6 7. e4 Be7 8. Nc3
Qa5 9. Bd3 c4 10. Bxf6 Bxf6 11. e5 cxd3 12. exf6 O-O 13. Qxd3 Rxf6 14. Nf3 Bb7
15. O-O Qb4 16. Qd4 Qf8 17. Ne5 Rf4 18. Qb6 Bc8 19. a4 d6 20. Rad1 d5 21. Qc7
axb5 22. axb5 Rb4 23. Rd3 Rxb2 24. Ne4 Nd7 25. Rf3 Nf6 26. Nxf6+ gxf6 27. Rg3+
1-0

[Event "DEN-ch"]
[Site "Silkeborg"]
[Date "2009.04.12"]
[Round "9"]
[White "Carstensen, Jacob"]
[Black "Jorgensen, Brian Jorgen"]
[Result "1-0"]
[WhiteElo "2331"]
[BlackElo "2274"]
[PlyCount "81"]
[EventDate "2009.04.04"]
[EventType "swiss"]
[EventRounds "9"]
[EventCountry "DEN"]
[Source "ChessBase"]
[SourceDate "2009.05.05"]

1. d4 d5 2. c4 Nc6 3. Nc3 dxc4 4. d5 Ne5 5. Qd4 Ng6 6. Qxc4 a6 7. Qb3 Nf6 8.
Nf3 b5 9. e4 e5 10. h4 Bd6 11. h5 Nf8 12. h6 g6 13. Bg5 N8d7 14. Nd2 O-O 15.
Be2 Qe8 16. Qc2 Kh8 17. a4 b4 18. Nd1 a5 19. Bb5 Ng8 20. Qc6 Ra7 21. Nc4 Bc5
22. Qxc5 Nxc5 23. Bxe8 Rxe8 24. Be3 Nb3 25. Bxa7 Nxa1 26. Nxa5 Bd7 27. Bc5 Bxa4
28. Ne3 Nc2+ 29. Kd2 Nf6 30. f3 Nd7 31. Nxc2 Nxc5 32. Nxb4 Rb8 33. Kc3 f6 34.
Ra1 Ra8 35. Nc4 Rb8 36. Ra3 Bb5 37. b3 Nd7 38. Ra7 Rc8 39. Na6 Nb6 40. Nxc7
Bxc4 41. bxc4 1-0

[Event "DEN-ch"]
[Site "Silkeborg"]
[Date "2009.04.07"]
[Round "4"]
[White "Carstensen, Jacob"]
[Black "Christensen, Stefan"]
[Result "1-0"]
[WhiteElo "2331"]
[BlackElo "2313"]
[PlyCount "47"]
[EventDate "2009.04.04"]
[EventType "swiss"]
[EventRounds "9"]
[EventCountry "DEN"]
[Source "ChessBase"]
[SourceDate "2009.05.05"]

1. d4 Nf6 2. c4 g6 3. g3 d5 4. cxd5 Nxd5 5. Bg2 Bg7 6. e4 Nb6 7. Ne2 e5 8. d5
c6 9. Nbc3 O-O 10. O-O cxd5 11. exd5 Na6 12. d6 Nc5 13. Be3 Ne6 14. Nb5 Nc4 15.
Bxa7 Qa5 16. Qd5 Bd7 17. a4 Rxa7 18. Nxa7 Qxa7 19. Qxc4 Rc8 20. Qb4 Rc2 21. Nc3
Nc5 22. Rad1 f5 23. Rd5 Ne6 24. Qb3 1-0

[Event "DEN-ch"]
[Site "Silkeborg"]
[Date "2009.04.06"]
[Round "3"]
[White "Christensen, Bo Garner"]
[Black "Schandorff, Lars"]
[Result "1/2-1/2"]
[WhiteElo "2240"]
[BlackElo "2505"]
[PlyCount "94"]
[EventDate "2009.04.04"]
[EventType "swiss"]
[EventRounds "9"]
[EventCountry "DEN"]
[Source "ChessBase"]
[SourceDate "2009.05.05"]

1. f4 d5 2. d3 Nc6 3. Nf3 Bg4 4. Nbd2 g6 5. g3 Bg7 6. Bg2 Qd7 7. c3 e5 8. h3
Bxf3 9. Nxf3 O-O-O 10. Qa4 Qe7 11. fxe5 Nxe5 12. O-O Kb8 13. Bf4 Nd7 14. d4 Bh6
15. Ne5 Bxf4 16. Rxf4 Nxe5 17. dxe5 Qxe5 18. Rxf7 Qxg3 19. c4 Nh6 20. Rf3 Qe5
21. cxd5 Nf5 22. Rd1 Ne3 23. d6 Nxg2 24. dxc7+ Qxc7 25. Rxd8+ Rxd8 26. Kxg2 a6
27. Qe4 Ka7 28. b4 Qb6 29. Rf7 Rd4 30. Qf3 Rxb4 31. Rxh7 Rb5 32. h4 Rf5 33. Qe4
Qf2+ 34. Kh3 Rb5 35. e3 Qf1+ 36. Kg3 Qg1+ 37. Kh3 Qf1+ 38. Kg3 Qe1+ 39. Kh3 Rb4
40. Rxb7+ Rxb7 41. Qd4+ Ka8 42. Qd8+ Rb8 43. Qd5+ Ka7 44. Qd7+ Kb6 45. Qd6+ Kb7
46. Qd7+ Ka8 47. Qd5+ Ka7 1/2-1/2

[Event "DEN-ch"]
[Site "Silkeborg"]
[Date "2009.04.08"]
[Round "5"]
[White "Christensen, Bo Garner"]
[Black "Lund, Silas"]
[Result "1-0"]
[WhiteElo "2240"]
[BlackElo "2430"]
[PlyCount "71"]
[EventDate "2009.04.04"]
[EventType "swiss"]
[EventRounds "9"]
[EventCountry "DEN"]
[Source "ChessBase"]
[SourceDate "2009.05.05"]

1. e4 e5 2. Nf3 Nc6 3. Bc4 Be7 4. d4 exd4 5. c3 Na5 6. Bd3 dxc3 7. Nxc3 d6 8.
O-O Nc6 9. h3 Nf6 10. Bf4 O-O 11. Rc1 Be6 12. Qe2 Nd7 13. Rfd1 Bf6 14. Bb1 Bxc3
15. Rxc3 f6 16. b4 Nde5 17. b5 Nxf3+ 18. Qxf3 Ne5 19. Qe2 a6 20. Be3 axb5 21.
Qxb5 b6 22. f4 Ra5 23. Qe2 Nd7 24. Qc2 Nc5 25. g4 Qa8 26. e5 f5 27. exd6 Bxa2
28. dxc7 Bxb1 29. Qxb1 Qc6 30. Qb3+ Kh8 31. Qf7 Raa8 32. Qe7 Qe8 33. Qxe8 Raxe8
34. Bxc5 bxc5 35. Rxc5 fxg4 36. Rcd5 1-0

[Event "DEN-ch"]
[Site "Silkeborg"]
[Date "2009.04.04"]
[Round "1"]
[White "Christensen, Bo Garner"]
[Black "Petersen, Martin Reib"]
[Result "1-0"]
[WhiteElo "2240"]
[BlackElo "1974"]
[PlyCount "59"]
[EventDate "2009.04.04"]
[EventType "swiss"]
[EventRounds "9"]
[EventCountry "DEN"]
[Source "ChessBase"]
[SourceDate "2009.05.05"]

1. e4 c6 2. c4 d5 3. cxd5 cxd5 4. exd5 Nf6 5. Qa4+ Bd7 6. Qb3 Na6 7. d4 Qb6 8.
Bc4 Qxb3 9. Bxb3 Nb4 10. Nc3 Rc8 11. Nf3 g6 12. O-O Nd3 13. Ne5 Nxc1 14. Raxc1
Bh6 15. f4 O-O 16. Rce1 Rfd8 17. h3 Nh5 18. d6 e6 19. Ne4 Bb5 20. Rf3 Bc6 21.
Nxc6 Rxc6 22. g4 Nxf4 23. g5 Bg7 24. Rxf4 Bxd4+ 25. Kg2 Be5 26. Rf3 Bxd6 27.
Ref1 f5 28. gxf6 Be5 29. f7+ Kf8 30. Ng5 1-0

[Event "DEN-ch"]
[Site "Silkeborg"]
[Date "2009.04.12"]
[Round "9"]
[White "Christensen, Bo Garner"]
[Black "Rasmussen, Allan Stig"]
[Result "1/2-1/2"]
[WhiteElo "2240"]
[BlackElo "2501"]
[PlyCount "125"]
[EventDate "2009.04.04"]
[EventType "swiss"]
[EventRounds "9"]
[EventCountry "DEN"]
[Source "ChessBase"]
[SourceDate "2009.05.05"]

1. e4 c6 2. d4 d5 3. e5 Bf5 4. Nf3 e6 5. Be2 Nd7 6. O-O h6 7. b3 Ne7 8. c4 g5
9. Nc3 Bg7 10. Ba3 Ng6 11. Re1 Nf4 12. Bf1 Nf8 13. Bd6 h5 14. b4 a6 15. a4 Bh6
16. b5 g4 17. Nd2 h4 18. bxc6 bxc6 19. Ra2 Qg5 20. Kh1 g3 21. Nf3 Qh5 22. Qb3
Rd8 23. Qb7 Nd7 24. Qxc6 Bh3 25. Nxd5 exd5 26. e6 Bxe6 27. Re5 Qg6 28. Rb2 f6
29. Rxe6+ Nxe6 30. Re2 Kf7 31. Rxe6 Rhe8 32. Rxe8 Kxe8 33. Qxd5 Nf8 34. c5 Qb1
35. Qc4 gxf2 36. Qe2+ Kf7 37. Qxf2 Ne6 38. h3 Qc1 39. Nxh4 Nxd4 40. Kh2 Ne6 41.
Nf5 Bf8 42. Qf3 Nxc5 43. Bf4 Qc2 44. Qh5+ Ke6 45. Ne3 Qe4 46. Bc4+ Kd7 47. Qf7+
Be7 48. Nd5 Qe6 49. Qh7 Rf8 50. Qb1 Qc6 51. Qf5+ Ke8 52. g3 Bd6 53. Nxf6+ Kd8
54. Qd5 Qxd5 55. Nxd5 Bxf4 56. Nxf4 Rxf4 57. gxf4 Nxa4 58. Bxa6 Nc5 59. Bc4 Ke7
60. Kg3 Ne4+ 61. Kg2 Kf6 62. Bd3 Nc5 63. Bc2 1/2-1/2

[Event "DEN-ch"]
[Site "Silkeborg"]
[Date "2009.04.10"]
[Round "7"]
[White "Christensen, Bo Garner"]
[Black "Hansen, Sune Berg"]
[Result "0-1"]
[WhiteElo "2240"]
[BlackElo "2543"]
[PlyCount "96"]
[EventDate "2009.04.04"]
[EventType "swiss"]
[EventRounds "9"]
[EventCountry "DEN"]
[Source "ChessBase"]
[SourceDate "2009.05.05"]

1. e4 e5 2. Nf3 Nc6 3. Nc3 Nf6 4. Bb5 Bd6 5. Bxc6 dxc6 6. h3 c5 7. d3 Nd7 8.
Be3 Nb8 9. Ne2 Nc6 10. c3 Be7 11. Ng3 O-O 12. Qc2 Qd6 13. O-O Qg6 14. Kh2 Be6
15. Rad1 Rad8 16. Ng1 Kh8 17. N1e2 f6 18. f4 Qe8 19. f5 Bf7 20. Ng1 c4 21. b3
cxd3 22. Rxd3 Rxd3 23. Qxd3 Qc8 24. N3e2 Rd8 25. Qc2 Qd7 26. Nf3 Qd3 27. Qxd3
Rxd3 28. Bg1 a5 29. Rb1 g6 30. fxg6 hxg6 31. Rf1 Kg7 32. g4 a4 33. bxa4 Bc4 34.
Kg2 Rd8 35. Re1 Ra8 36. Nd2 Bd3 37. Nc1 Bc2 38. Ndb3 Rxa4 39. Kf3 Rc4 40. Re3
f5 41. Nd2 fxe4+ 42. Ke2 Ra4 43. Rg3 Bg5 44. Be3 Bf4 45. Rg1 Ne7 46. Ndb3 Nd5
47. Bxf4 exf4 48. Nc5 Rc4 0-1

[Event "DEN-ch"]
[Site "Silkeborg"]
[Date "2009.04.05"]
[Round "2"]
[White "Christensen, Stefan"]
[Black "Hansen, Sune Berg"]
[Result "0-1"]
[WhiteElo "2313"]
[BlackElo "2543"]
[PlyCount "124"]
[EventDate "2009.04.04"]
[EventType "swiss"]
[EventRounds "9"]
[EventCountry "DEN"]
[Source "ChessBase"]
[SourceDate "2009.05.05"]

1. e4 e5 2. Nf3 Nc6 3. Bb5 a6 4. Ba4 Nf6 5. O-O Be7 6. Re1 b5 7. Bb3 d6 8. c3
O-O 9. h3 Na5 10. Bc2 c5 11. d4 Nd7 12. Nbd2 exd4 13. cxd4 Re8 14. Nf1 Bb7 15.
Ne3 cxd4 16. Nxd4 Bf8 17. Nef5 Nf6 18. f3 Nc4 19. b3 Ne5 20. Bb2 g6 21. Ne3 Rc8
22. Rc1 Nh5 23. Bb1 Qh4 24. Qd2 Qg5 25. Nf1 Qxd2 26. Nxd2 Nf4 27. Rxc8 Rxc8 28.
Nf1 Ned3 29. Bxd3 Nxd3 30. Rb1 Bg7 31. Ba1 Rc1 32. Rxc1 Nxc1 33. Nc2 Bxa1 34.
Nxa1 Nxa2 35. Kf2 Nb4 36. Ke3 Kf8 37. Kd4 Nc6+ 38. Kc3 a5 39. Ne3 Ba6 40. Nd5
b4+ 41. Kd2 Nd4 42. Ke3 Ne6 43. g3 Nc5 44. Kd4 Kg7 45. h4 Bf1 46. Ne3 Be2 47.
f4 a4 48. bxa4 b3 49. Kc3 Nxa4+ 50. Kxb3 Nc5+ 51. Kc2 Nxe4 52. g4 Kh6 53. Nb3
Nf2 54. g5+ Kh5 55. Nd4 Ba6 56. Nd5 Kxh4 57. Kd2 Kg3 58. Ke3 Ng4+ 59. Kd2 Bb7
60. Nf6 Nxf6 61. gxf6 Kxf4 62. Ne6+ Kf5 0-1

[Event "DEN-ch"]
[Site "Silkeborg"]
[Date "2009.04.04"]
[Round "1"]
[White "Christensen, Stefan"]
[Black "Nielsen, Nicholas Roland"]
[Result "1-0"]
[WhiteElo "2313"]
[BlackElo "2197"]
[PlyCount "55"]
[EventDate "2009.04.04"]
[EventType "swiss"]
[EventRounds "9"]
[EventCountry "DEN"]
[Source "ChessBase"]
[SourceDate "2009.05.05"]

1. e4 c5 2. Nf3 Nc6 3. c3 Nf6 4. e5 Nd5 5. d4 cxd4 6. Bc4 e6 7. cxd4 d6 8. O-O
Nb6 9. Bb5 Bd7 10. Nc3 a6 11. Bd3 Qc7 12. Re1 Rd8 13. Bg5 Be7 14. Ne4 Nc8 15.
Rc1 Qb8 16. Bxe7 N6xe7 17. Nfg5 dxe5 18. Qf3 Nf5 19. dxe5 Bc6 20. Qh5 g6 21.
Nf6+ Kf8 22. Qh3 Kg7 23. Bxf5 exf5 24. Qc3 Qa7 25. Rcd1 h6 26. e6 hxg5 27. Ne8+
Kh7 28. Qg7# 1-0

[Event "DEN-ch"]
[Site "Silkeborg"]
[Date "2009.04.12"]
[Round "9"]
[White "Christensen, Stefan"]
[Black "Jacobsen, Bo"]
[Result "0-1"]
[WhiteElo "2313"]
[BlackElo "2325"]
[PlyCount "214"]
[EventDate "2009.04.04"]
[EventType "swiss"]
[EventRounds "9"]
[EventCountry "DEN"]
[Source "ChessBase"]
[SourceDate "2009.05.05"]

1. e4 e5 2. Nf3 Nc6 3. Bb5 Nf6 4. O-O d6 5. d4 Bd7 6. Nc3 Be7 7. Bxc6 Bxc6 8.
Re1 exd4 9. Nxd4 O-O 10. Nf5 Nd7 11. Nd5 Bf6 12. Nxf6+ Qxf6 13. Qg4 Rfe8 14.
Re3 Ne5 15. Qh5 Qg6 16. Qh4 Qg4 17. Nh6+ gxh6 18. Rg3 Qxg3 19. Qxg3+ Kh8 20.
Bxh6 Rg8 21. Qf4 Rg4 22. Qf6+ Kg8 23. Bf4 Rg6 24. Qe7 Nf3+ 25. Kh1 Re8 26. Qxc7
Rxe4 27. Bg3 Nd4 28. c3 Ne2 29. Rd1 Ree6 30. Qa5 Nf4 31. f3 Re2 32. Qd8+ Kg7
33. Rxd6 Nxg2 34. Rxg6+ hxg6 35. Qd3 Rxb2 36. c4 Rxa2 37. Qc3+ f6 38. Kg1 g5
39. c5 Nh4 40. Bxh4 gxh4 41. Qe3 a5 42. Qe7+ Kg6 43. Qe6 Ra4 44. Qg8+ Kf5 45.
Qh7+ Ke6 46. Qg8+ Ke5 47. Qb8+ Kf5 48. Qc8+ Kf4 49. Kf2 Ra2+ 50. Kf1 Ra3 51.
Qg4+ Ke3 52. Qe6+ Kd2 53. Qd6+ Kc2 54. f4 f5 55. Qe5 Rf3+ 56. Ke2 Be4 57. Qa1
Kb3 58. Qxa5 Rh3 59. Qb5+ Kc3 60. Kf2 Rxh2+ 61. Ke1 h3 62. Qa5+ Kc4 63. Qa3
Rh1+ 64. Kf2 Rh2+ 65. Ke1 Rc2 66. Qxh3 Kxc5 67. Qe3+ Kc4 68. Qb6 Kd3 69. Qb3+
Rc3 70. Qd1+ Kc4 71. Qa4+ Kc5 72. Qa5+ Kd4 73. Qb4+ Kd3 74. Qb5+ Ke3 75. Qe2+
Kd4 76. Qb2 Kc4 77. Qa2+ Kb4 78. Qb2+ Rb3 79. Qd4+ Kb5 80. Qe5+ Kc4 81. Qe6+
Kc3 82. Ke2 b5 83. Qe5+ Kc2 84. Qc5+ Kb1 85. Kd2 Rb2+ 86. Kd1 Bc2+ 87. Kd2 b4
88. Qg1+ Ka2 89. Qa7+ Ba4+ 90. Kd3 Ka3 91. Qa5 Rb3+ 92. Kd2 Rb2+ 93. Kd3 Rb3+
94. Kd2 Rb2+ 95. Kd3 Rf2 96. Ke3 Rc2 97. Qxf5 b3 98. Qf8+ Ka2 99. Qa8 Rc4 100.
Qd5 Rb4 101. Kd2 Ka3 102. Qc5 b2 103. Qc3+ Bb3 104. Qd3 Ka2 105. Qa6+ Ra4 106.
Qe2 b1=Q 107. Kc3+ Qc2+ 0-1

[Event "DEN-ch"]
[Site "Silkeborg"]
[Date "2009.04.08"]
[Round "5"]
[White "Christensen, Stefan"]
[Black "Kristensen, Kaare Hove"]
[Result "0-1"]
[WhiteElo "2313"]
[BlackElo "2244"]
[PlyCount "132"]
[EventDate "2009.04.04"]
[EventType "swiss"]
[EventRounds "9"]
[EventCountry "DEN"]
[Source "ChessBase"]
[SourceDate "2009.05.05"]

1. e4 c5 2. c3 e6 3. d4 d5 4. e5 Ne7 5. Nf3 Nec6 6. Be2 b6 7. O-O Ba6 8. Bxa6
Nxa6 9. Qa4 Qc8 10. Na3 Qb7 11. Nb5 Nab8 12. dxc5 bxc5 13. b4 cxb4 14. a3 Be7
15. axb4 O-O 16. Be3 Nd7 17. Qa6 Qxa6 18. Rxa6 Ncxe5 19. Nxe5 Nxe5 20. Rfa1
Rfc8 21. Nxa7 Rc4 22. Bd4 Nd7 23. Nc6 Rxa6 24. Rxa6 Bf8 25. b5 h6 26. Ra7 e5
27. Nxe5 Nxe5 28. Bxe5 Re4 29. Kf1 Rxe5 30. b6 Re8 31. b7 Rb8 32. Ke2 Bc5 33.
Ra8 Bd6 34. Kd3 Kf8 35. Kd4 Ke7 36. Ra7 Bc7 37. Kxd5 Bb6 38. Ra6 Rxb7 39. Kc6
Rc7+ 40. Kxb6 Rxc3 41. Ra2 f5 42. Kb5 Kf6 43. Kb4 Rc1 44. Ra3 Rg1 45. Rg3 g5
46. Kc3 f4 47. Rh3 Rxg2 48. Rxh6+ Kg7 49. Rh5 Kg6 50. Rh8 Rxf2 51. h4 g4 52.
Rg8+ Kf5 53. Rg5+ Ke4 54. Rxg4 Rh2 55. Rg8 Rxh4 56. Re8+ Kf3 57. Kd2 Rh2+ 58.
Ke1 Rh1+ 59. Kd2 Kf2 60. Rf8 f3 61. Kd3 Re1 62. Rf7 Re8 63. Rd7 Kf1 64. Kd2 f2
65. Rd6 Rg8 66. Ke3 Kg1 0-1

[Event "DEN-ch"]
[Site "Silkeborg"]
[Date "2009.04.10"]
[Round "7"]
[White "Christensen, Stefan"]
[Black "Jorgensen, Brian Jorgen"]
[Result "1-0"]
[WhiteElo "2313"]
[BlackElo "2274"]
[PlyCount "99"]
[EventDate "2009.04.04"]
[EventType "swiss"]
[EventRounds "9"]
[EventCountry "DEN"]
[Source "ChessBase"]
[SourceDate "2009.05.05"]

1. e4 e6 2. d4 d5 3. Nc3 Nf6 4. e5 Nfd7 5. Nce2 c5 6. f4 cxd4 7. Nxd4 Nc6 8.
Ngf3 Qb6 9. c3 a6 10. Bd3 Be7 11. O-O f5 12. exf6 Bxf6 13. Kh1 Nc5 14. Bc2 O-O
15. Nxc6 Qxc6 16. Be3 Ne4 17. Bd4 Bxd4 18. Qxd4 Nf6 19. Rae1 Bd7 20. Re2 Rae8
21. Rfe1 b5 22. Ng5 Bc8 23. Re3 h6 24. Nf3 Ng4 25. R3e2 Qc4 26. Qxc4 dxc4 27.
f5 Bb7 28. h3 Bxf3 29. gxf3 Nf6 30. fxe6 Re7 31. Bg6 Rd8 32. f4 Rd6 33. Re5 Nh7
34. f5 Nf8 35. Bf7+ Rxf7 36. exf7+ Kxf7 37. Re7+ Kf6 38. Re8 Kf7 39. R8e2 Rf6
40. Re7+ Kg8 41. Rg1 Rf7 42. Rxf7 Kxf7 43. a4 Kf6 44. Rd1 bxa4 45. Rd4 Kxf5 46.
Rxc4 Ne6 47. Rxa4 Nf4 48. Kh2 g5 49. Rxa6 h5 50. Ra5+ 1-0

[Event "DEN-ch"]
[Site "Silkeborg"]
[Date "2009.04.09"]
[Round "6"]
[White "Damm, Kasper Wilken"]
[Black "Nielsen, John Bauneborg"]
[Result "1-0"]
[WhiteElo "2231"]
[BlackElo "2197"]
[PlyCount "50"]
[EventDate "2009.04.04"]
[EventType "swiss"]
[EventRounds "9"]
[EventCountry "DEN"]
[Source "ChessBase"]
[SourceDate "2009.05.05"]

1. e4 c6 2. c4 d5 3. exd5 cxd5 4. cxd5 Nf6 5. Nc3 Nxd5 6. g3 Nc6 7. d4 e5 8.
Bg2 Nxc3 9. bxc3 exd4 10. Ne2 dxc3 11. Qxd8+ Nxd8 12. Nxc3 Bb4 13. Bb2 Be6 14.
O-O O-O 15. Nd5 Ba5 16. h4 Re8 17. Nf4 Bc4 18. Rfc1 Rc8 19. Nh5 Re2 20. Bd4 Ne6
21. Bxa7 Re5 22. g4 Bd8 23. Bxb7 Rc7 24. Bb8 Rxh5 25. Bxc7 Rxh4 1-0

[Event "DEN-ch"]
[Site "Silkeborg"]
[Date "2009.04.05"]
[Round "2"]
[White "Damm, Kasper Wilken"]
[Black "Ochsner, Bjorn Moller"]
[Result "1/2-1/2"]
[WhiteElo "2231"]
[BlackElo "2041"]
[PlyCount "83"]
[EventDate "2009.04.04"]
[EventType "swiss"]
[EventRounds "9"]
[EventCountry "DEN"]
[Source "ChessBase"]
[SourceDate "2009.05.05"]

1. e4 c5 2. c3 Nf6 3. e5 Nd5 4. g3 e6 5. Bg2 d6 6. f4 Nc6 7. Nf3 Qc7 8. Qe2 Bd7
9. O-O Be7 10. Na3 dxe5 11. fxe5 O-O-O 12. Kh1 f5 13. b4 g5 14. Nb5 Qb8 15. d4
a6 16. Nd6+ Bxd6 17. exd6 Nxc3 18. Qc2 cxb4 19. Bxg5 Rdf8 20. Be7 Nxe7 21. dxe7
Re8 22. a3 Qc7 23. Rfc1 Kb8 24. Ne5 Rxe7 25. axb4 Nd5 26. Bxd5 Qxc2 27. Rxc2
exd5 28. Rc5 Be6 29. Rxa6 bxa6 30. Nc6+ Kc7 31. Nxe7+ Kd6 32. Nc6 Rc8 33. Ne5
Rxc5 34. bxc5+ Kc7 35. Kg2 a5 36. Kf3 a4 37. Nd3 Kc6 38. Kf4 Kb5 39. Ke5 Bc8
40. Kxd5 a3 41. Nc1 Bb7+ 42. Kd6 1/2-1/2

[Event "DEN-ch"]
[Site "Silkeborg"]
[Date "2009.04.07"]
[Round "4"]
[White "Damm, Kasper Wilken"]
[Black "Nielsen, Nicholas Roland"]
[Result "1-0"]
[WhiteElo "2231"]
[BlackElo "2197"]
[PlyCount "63"]
[EventDate "2009.04.04"]
[EventType "swiss"]
[EventRounds "9"]
[EventCountry "DEN"]
[Source "ChessBase"]
[SourceDate "2009.05.05"]

1. e4 e5 2. Nf3 Nc6 3. d4 exd4 4. Nxd4 Bc5 5. Be3 Qf6 6. c3 Nge7 7. Bc4 Ne5 8.
Be2 d5 9. f4 Ng4 10. Bxg4 Qh4+ 11. Bf2 Qxg4 12. Qxg4 Bxg4 13. e5 O-O-O 14. Nd2
Ng6 15. h3 Bd7 16. Bg3 Bxd4 17. cxd4 h5 18. O-O h4 19. f5 Ne7 20. f6 Nf5 21.
fxg7 Rh7 22. e6 Bxe6 23. Rxf5 Bxf5 24. Be5 Rh6 25. Rf1 f6 26. Rxf5 fxe5 27. Nf3
Rg6 28. Rf7 exd4 29. Nxh4 Rg5 30. Nf3 Rg6 31. h4 Rd7 32. Rxd7 1-0

[Event "DEN-ch"]
[Site "Silkeborg"]
[Date "2009.04.11"]
[Round "8"]
[White "Damm, Kasper Wilken"]
[Black "Eriksson, Christian Altenburg"]
[Result "1-0"]
[WhiteElo "2231"]
[BlackElo "2122"]
[PlyCount "98"]
[EventDate "2009.04.04"]
[EventType "swiss"]
[EventRounds "9"]
[EventCountry "DEN"]
[Source "ChessBase"]
[SourceDate "2009.05.05"]

1. e4 c5 2. Nf3 Nc6 3. d4 cxd4 4. Nxd4 Nf6 5. Nc3 e5 6. Ndb5 d6 7. Bg5 a6 8.
Na3 b5 9. Bxf6 gxf6 10. Nd5 Bg7 11. Bd3 Ne7 12. Nxe7 Qxe7 13. O-O O-O 14. c4 f5
15. Qh5 bxc4 16. Nxc4 d5 17. exd5 e4 18. Be2 Qc5 19. Rad1 Bd4 20. b4 Qa7 21.
Nd6 Kh8 22. Nxf5 Bxf5 23. Qxf5 Rae8 24. d6 Re6 25. Qd5 Bf6 26. Bg4 Re5 27. Qc6
e3 28. d7 exf2+ 29. Rxf2 Be7 30. Qc3 f6 31. Re1 Bd6 32. Kf1 Qb8 33. Rd1 Be7 34.
a3 Rg5 35. Qh3 Bd8 36. Bf5 h5 37. g4 Bb6 38. Rf3 Qe5 39. Qg3 Qxg3 40. Rxg3 hxg4
41. Rd5 Kg7 42. Rxg4 Kf7 43. Rxg5 fxg5 44. Ke2 Ke7 45. h3 Rf6 46. Bg4 Rg6 47.
Re5+ Kf6 48. Re6+ Kg7 49. Rxb6 Rf6 1-0

[Event "DEN-ch"]
[Site "Silkeborg"]
[Date "2009.04.07"]
[Round "4"]
[White "Eriksson, Christian Altenburg"]
[Black "Matthiesen, Martin"]
[Result "1/2-1/2"]
[WhiteElo "2122"]
[BlackElo "2291"]
[PlyCount "78"]
[EventDate "2009.04.04"]
[EventType "swiss"]
[EventRounds "9"]
[EventCountry "DEN"]
[Source "ChessBase"]
[SourceDate "2009.05.05"]

1. e4 c5 2. c3 Nf6 3. e5 Nd5 4. Nf3 e6 5. d4 cxd4 6. cxd4 d6 7. Bc4 Nb6 8. Bb3
dxe5 9. Nxe5 Nc6 10. Nf3 Be7 11. Nc3 Bf6 12. Be3 Nd5 13. Ne4 Nxe3 14. Nxf6+
Qxf6 15. fxe3 O-O 16. O-O Qe7 17. Qe1 b6 18. Qg3 Ba6 19. Rf2 Rac8 20. Bc2 h6
21. Rd1 Qc7 22. Qh4 Qe7 23. Qg3 Rc7 24. Bb1 Rfc8 25. Rc2 Na5 26. Rdc1 Rxc2 27.
Rxc2 Qd8 28. Ne5 Rxc2 29. Bxc2 Qc7 30. Qf2 Nc4 31. Nxc4 Qxc4 32. b3 Qc3 33. h3
f5 34. e4 fxe4 35. Bxe4 Qc1+ 36. Kh2 Qc7+ 37. Kg1 Qc1+ 38. Kh2 Qc7+ 39. Kg1
Qc1+ 1/2-1/2

[Event "DEN-ch"]
[Site "Silkeborg"]
[Date "2009.04.09"]
[Round "6"]
[White "Eriksson, Christian Altenburg"]
[Black "Christensen, Stefan"]
[Result "0-1"]
[WhiteElo "2122"]
[BlackElo "2313"]
[PlyCount "116"]
[EventDate "2009.04.04"]
[EventType "swiss"]
[EventRounds "9"]
[EventCountry "DEN"]
[Source "ChessBase"]
[SourceDate "2009.05.05"]

1. e4 e6 2. d4 d5 3. Nc3 Bb4 4. e5 c5 5. a3 Bxc3+ 6. bxc3 Ne7 7. Qg4 Qc7 8.
Qxg7 Rg8 9. Qxh7 cxd4 10. Ne2 Nbc6 11. f4 Bd7 12. Qd3 dxc3 13. Nxc3 a6 14. Ne2
Rc8 15. Bd2 Nf5 16. Rb1 Na7 17. Nd4 Nxd4 18. Qxd4 Nb5 19. Qd3 Qc5 20. Qh7 Rg6
21. Qh8+ Qf8 22. Qxf8+ Kxf8 23. g3 Rxc2 24. Bd3 Ra2 25. Bxg6 fxg6 26. Bb4+ Kg8
27. O-O Nd4 28. Rf2 Ne2+ 29. Kg2 d4 30. Kf3 Ng1+ 31. Kg2 Ne2 32. Kh3 Ba4 33.
Kg4 d3 34. Kg5 Kf7 35. Be1 b5 36. Bb4 Bc2 37. Rh1 Bb3 38. g4 Rc2 39. Rd1 Nc3
40. Bxc3 Rxc3 41. Ra1 Rc2 42. Raf1 a5 43. f5 gxf5 44. gxf5 b4 45. axb4 axb4 46.
Rf3 Rg2+ 47. Kf4 Bc2 48. Ra1 exf5 49. Rh3 d2 50. Kf3 Rg6 51. Ke2 d1=Q+ 52. Rxd1
Bxd1+ 53. Kxd1 Rb6 54. Kc2 Rb5 55. Kb3 Ke6 56. Kc4 Rb8 57. Kd4 b3 58. Rh6+ Kf7
0-1

[Event "DEN-ch"]
[Site "Silkeborg"]
[Date "2009.04.05"]
[Round "2"]
[White "Eriksson, Christian Altenburg"]
[Black "Kristensen, Kaare Hove"]
[Result "1/2-1/2"]
[WhiteElo "2122"]
[BlackElo "2244"]
[PlyCount "63"]
[EventDate "2009.04.04"]
[EventType "swiss"]
[EventRounds "9"]
[EventCountry "DEN"]
[Source "ChessBase"]
[SourceDate "2009.05.05"]

1. e4 c5 2. c3 d5 3. exd5 Qxd5 4. d4 Nc6 5. Nf3 Bg4 6. dxc5 Qxd1+ 7. Kxd1 e5 8.
b4 a5 9. Bb5 Nge7 10. Kc2 Bxf3 11. gxf3 axb4 12. cxb4 O-O-O 13. Bxc6 Nxc6 14.
a3 Nd4+ 15. Kb2 Nxf3 16. Nc3 Be7 17. Be3 f5 18. Rad1 Rxd1 19. Rxd1 Rd8 20. Nd5
Bf6 21. Kb3 f4 22. Bc1 Nxh2 23. Kc4 Ng4 24. f3 Nh2 25. Rd3 h5 26. b5 h4 27. c6
h3 28. Nb6+ Kc7 29. Nd5+ Kc8 30. Nb6+ Kc7 31. Nd5+ Kc8 32. Nb6+ 1/2-1/2

[Event "DEN-ch"]
[Site "Silkeborg"]
[Date "2009.04.12"]
[Round "9"]
[White "Eriksson, Christian Altenburg"]
[Black "Andersen, Rune"]
[Result "1-0"]
[WhiteElo "2122"]
[BlackElo "2156"]
[PlyCount "79"]
[EventDate "2009.04.04"]
[EventType "swiss"]
[EventRounds "9"]
[EventCountry "DEN"]
[Source "ChessBase"]
[SourceDate "2009.05.05"]

1. e4 c5 2. c3 Nf6 3. e5 Nd5 4. Nf3 Nc6 5. d4 cxd4 6. cxd4 d6 7. Bc4 dxe5 8.
dxe5 e6 9. O-O Be7 10. Qe2 Nb6 11. Bb3 Bd7 12. Nc3 a6 13. Rd1 h6 14. Be3 Na5
15. Qd3 Bc6 16. Qxd8+ Bxd8 17. Rxd8+ Rxd8 18. Bxb6 Nxb3 19. axb3 Rd7 20. Nd4
Bd5 21. Bc5 f6 22. Bd6 fxe5 23. Bxe5 O-O 24. f3 Rfd8 25. Kf2 Kf7 26. Ke3 g5 27.
g3 h5 28. h3 Kg6 29. Rg1 g4 30. fxg4 hxg4 31. h4 Rf7 32. Nce2 Rc8 33. Nf4+ Kh7
34. Rd1 Rd7 35. Nh5 Kg6 36. Nf6 Bf3 37. Rf1 Rf7 38. Nxf3 gxf3 39. Rxf3 Rcf8 40.
h5+ 1-0

[Event "DEN-ch"]
[Site "Silkeborg"]
[Date "2009.04.04"]
[Round "1"]
[White "Hansen, Sune Berg"]
[Black "Rewitz, Poul"]
[Result "1-0"]
[WhiteElo "2543"]
[BlackElo "2263"]
[PlyCount "81"]
[EventDate "2009.04.04"]
[EventType "swiss"]
[EventRounds "9"]
[EventCountry "DEN"]
[Source "ChessBase"]
[SourceDate "2009.05.05"]

1. e4 c6 2. d4 d5 3. exd5 cxd5 4. c4 Nf6 5. Nc3 Nc6 6. Bg5 e6 7. Nf3 Be7 8. c5
O-O 9. Bb5 Ne4 10. Bxe7 Nxe7 11. O-O b6 12. Qc2 bxc5 13. Nxe4 dxe4 14. Qxe4 Rb8
15. Bd3 g6 16. dxc5 Bb7 17. Qe2 Bxf3 18. Qxf3 Rxb2 19. Rfd1 Qa5 20. Qf6 Rb7 21.
Be4 Nd5 22. Bxd5 exd5 23. Rac1 Qxa2 24. c6 Rc7 25. h4 Qe2 26. Re1 Qd2 27. Qe5
Rfc8 28. h5 Qh6 29. hxg6 hxg6 30. Qxd5 Qh4 31. Qe5 Qh8 32. Qf4 Qb2 33. Rb1 Qg7
34. Rb8 Rxb8 35. Qxc7 Qf8 36. Qxa7 Rc8 37. Qd7 Qd8 38. Re7 Qf8 39. Rxf7 Qxf7
40. Qxc8+ Kg7 41. Qd7 1-0